The art of public speaking

Saved in:
Bibliographic Details
Main Author: Lucas, E. Stenphen
Format: Book
Language:Undetermined
Published: Boston McGraw-Hill 2004
Subjects:
Tags: Add Tag
No Tags, Be the first to tag this record!
Institutions: Trung tâm Học liệu Trường Đại học Cần Thơ
LEADER 00544nam a2200181Ia 4500
001 CTU_116132
008 210402s9999 xx 000 0 und d
082 |a 808.51 
082 |b L933/CD.1 
100 |a Lucas, E. Stenphen 
245 4 |a The art of public speaking 
245 0 |c Stephen E. Lucas 
260 |a Boston 
260 |b McGraw-Hill 
260 |c 2004 
650 |a Nói trước công chúng,Public speaking 
910 |a Kèm sách có số AV.003662, AV.003657 
980 |a Trung tâm Học liệu Trường Đại học Cần Thơ